[Event "Bayern-ch Seniors 25th"]
[Site "Bergen"]
[Date "2013.06.22"]
[Round "9.44"]
[White "Ewald, Frithjof"]
[Black "Steckel, Werner"]
[Result "1/2-1/2"]
[WhiteElo "1377"]
[BlackElo "1254"]
[PlyCount "52"]
[EventDate "2013.06.15"]
[EventType "swiss"]
[EventRounds "9"]
[EventCountry "GER"]
[SourceTitle "EXT 2022"]
[Source "ChessBase"]
[SourceDate "2021.10.06"]
[SourceVersion "1"]
[SourceVersionDate "2021.10.06"]
[SourceQuality "1"]

1. d4 Nf6 2. c4 g6 3. Nf3 d6 4. Nc3 Bg7 5. e4 0-0 6. h3 Re8 7. Be3 e5 8. d5 c5 9. Be2 a6 10. g4 Kh8 11. Qd2 Qc7 12. Nh4 Qe7 13. g5 Nh5 14. Bxh5 gxh5 15. Qe2 Nd7 16. Qxh5 Nf8 17. Nf5 Bxf5 18. exf5 f6 19. 0-0-0 Kg8 20. Rdg1 Qf7 21. g6 Qd7 22. Rg2 Re7 23. Rhg1 Ra7 24. gxh7+ Nxh7 25. Ne4 b6 26. Bh6 Qd8 1/2-1/2

[Event "Bayern-ch Seniors 25th"]
[Site "Bergen"]
[Date "2013.06.20"]
[Round "7.43"]
[White "Steckel, Werner"]
[Black "Scheuerlein, Gerhard"]
[Result "0-1"]
[WhiteElo "1254"]
[BlackElo "1546"]
[PlyCount "44"]
[EventDate "2013.06.15"]
[EventType "swiss"]
[EventRounds "9"]
[EventCountry "GER"]
[SourceTitle "EXT 2022"]
[Source "ChessBase"]
[SourceDate "2021.10.06"]
[SourceVersion "1"]
[SourceVersionDate "2021.10.06"]
[SourceQuality "1"]

1. d4 d5 2. Nf3 Nf6 3. g3 e6 4. Bg2 Bd6 5. 0-0 0-0 6. b3 Re8 7. Ba3 c6 8. Bb2 Nbd7 9. Ne5 Qc7 10. f4 b5 11. Kh1 Bb7 12. Nd2 Bxe5 13. fxe5 Ng4 14. Rf3 c5 15. h3 Nh6 16. c3 Nf5 17. Nf1 Nb6 18. Ne3 g6 19. Qe1 cxd4 20. Nxf5 exf5 21. cxd4 Qc2 22. Rd3 Qxb2 0-1

[Event "Bayern-ch Seniors 24nd"]
[Site "Bergen"]
[Date "2012.06.20"]
[Round "5"]
[White "Henke, Rudolf"]
[Black "Steckel, Werner"]
[Result "1-0"]
[WhiteElo "1562"]
[BlackElo "1287"]
[PlyCount "83"]
[EventDate "2012.06.16"]
[EventType "swiss"]
[EventRounds "9"]
[EventCountry "GER"]
[SourceTitle "EXT 2015"]
[Source "ChessBase"]
[SourceDate "2014.11.20"]
[SourceVersion "1"]
[SourceVersionDate "2014.11.20"]
[SourceQuality "1"]

1. d4 e6 2. c4 Nf6 3. Nc3 d5 4. Nf3 Be7 5. e3 0-0 6. Bd3 Bb4 7. Qc2 dxc4 8. Bxc4 Bxc3+ 9. bxc3 c6 10. 0-0 b5 11. Bd3 g6 12. e4 Nfd7 13. Qd2 Qe7 14. e5 f6 15. exf6 Nxf6 16. h3 Nbd7 17. Re1 Re8 18. a4 a6 19. axb5 cxb5 20. Bxb5 Bb7 21. Bxd7 Qxd7 22. Ne5 Qd5 23. f3 Nh5 24. c4 Qd6 25. Ba3 Qc7 26. Qg5 Qd8 27. Qxd8 Raxd8 28. Bc5 Nf6 29. Reb1 Bc8 30. Rb8 Nd7 31. Nxd7 Rxd7 32. g4 Kf7 33. Kf2 Rdd8 34. f4 Kf6 35. Ra5 Rd7 36. Kg3 Kf7 37. g5 Kg7 38. Rb6 Kf7 39. Bd6 Kg7 40. Be5+ Kf7 41. Kg4 Kg8 42. Rc5 1-0

[Event "Bayern-ch Seniors 24nd"]
[Site "Bergen"]
[Date "2012.06.16"]
[Round "1"]
[White "Klimpel, Siegfried"]
[Black "Steckel, Werner"]
[Result "1-0"]
[WhiteElo "1707"]
[BlackElo "1287"]
[PlyCount "51"]
[EventDate "2012.06.16"]
[EventType "swiss"]
[EventRounds "9"]
[EventCountry "GER"]
[SourceTitle "EXT 2015"]
[Source "ChessBase"]
[SourceDate "2014.11.20"]
[SourceVersion "1"]
[SourceVersionDate "2014.11.20"]
[SourceQuality "1"]

1. e4 c5 2. c3 e6 3. d4 cxd4 4. cxd4 Nf6 5. Nc3 Bb4 6. Bd3 h6 7. Nge2 0-0 8. 0-0 d6 9. Bf4 Nh5 10. Be3 Nf6 11. Rc1 a6 12. Bb1 e5 13. Qd2 Bxc3 14. Nxc3 Nc6 15. Rfd1 Qe7 16. Nd5 Qd8 17. dxe5 Nxe5 18. Bb6 Qd7 19. Nxf6+ gxf6 20. Qe2 Qg4 21. Qxg4+ Bxg4 22. f3 Be6 23. f4 Nd7 24. Bc7 Rfc8 25. f5 Nc5 26. Bxd6 1-0